000 01737nam a2200433 i 4500
001 2019308079
005 20240305165703.0
006 m o d
007 cr un ---uuuua
008 190410s2018 bl ob 000 0 por d
010 _a 2019308079
020 _a9788538405306
035 _a41941
040 _aUtOrBLW
_beng
_erda
_cUtOrBLW
042 _alcode
_apcc
043 _as-bl---
050 4 _aKHD3305
_b.A43 2018
082 0 4 _a344.81046
_223
245 0 0 _aAmbiente jurídico /
_cÁlvaro Mirra, Eduardo Viegas, Gabriel Wedy, Marcos Paulo Miranda, Talden Farias ; prefácio: Vladimir Passos de Freitas.
264 1 _aBelo Horizonte :
_bDel Rey Editora,
_c2018.
300 _a1 online resource ([16], 369 pages)
336 _atext
_btxt
_2rdacontent
337 _acomputer
_bc
_2rdamedia
338 _aonline resource
_bcr
_2rdacarrier
504 _aIncludes bibliographical references.
500 _aSelection of articles previously published in the electronic magazine "Consultor Jurídico", between May 7, 2016 and July 8, 2017.
650 0 _aEnvironmental law
_zBrazil.
650 0 _aConservation of natural resources
_xLaw and legislation
_zBrazil.
650 0 _aSustainable development
_xLaw and legislation.
650 0 _aClimatic changes
_xLaw and legislation.
700 1 _aMirra, Alvaro Luiz Valery,
_eauthor.
700 1 _aViegas, Eduardo Coral,
_eauthor.
700 1 _aWedy, Gabriel,
_eauthor.
700 1 _aMiranda, Marcos Paulo de Souza,
_d1974-
_eauthor.
700 1 _aFarias, Talden,
_eauthor.
700 1 2 _iContainer of (work):
_aMirra, Alvaro Luiz Valery.
_tDesenvolvimento sustentável e sua expressão jurídica.
856 4 0 _uhttps://app.vlex.com/#/sources/41941
942 _cRAA
999 _c173557
_d173557